Tina Modotti : photographer and revolutionary

Αποθηκεύτηκε σε:
Λεπτομέρειες βιβλιογραφικής εγγραφής
Κύριος συγγραφέας: Hooks, Margaret
Μορφή: Βιβλίο
Γλώσσα:English
Δημοσίευση: [New York] : Da Capo Press, 2000.
Έκδοση:1st Da Capo Press ed.
Θέματα:
Ετικέτες: Προσθήκη ετικέτας
Δεν υπάρχουν, Καταχωρήστε ετικέτα πρώτοι!

MARC

LEADER 00000cam a2200000 i 4500
001 1/80853
008 080408s2000 nyu| |||| |||| | eng||
020 |a 0306809818 
035 |l 10096322 
040 |a GR-MyUa  |b gre  |e AACR2 
041 0 |a eng 
082 7 |a 770.92   |2 (22) 
100 1 |a Hooks, Margaret. 
245 1 0 |a Tina Modotti :   |b photographer and revolutionary /   |c Margaret Hooks.  
246 1 |i Τίτλος εξωφύλλου:   |a Tina Modotti :   |b radical photographer 
250 |a 1st Da Capo Press ed. 
260 |a [New York] :   |b Da Capo Press,   |c 2000.  
300 |a xii, 277 σ. :   |b εικ. ;   |c 24 εκ. 
504 |a Βιβλιογραφία: σ. 267-272. Ευρετήριο.  
600 1 0 |a Modotti, Tina,   |d 1896-1942. 
650 0 |a Women photographers  |z Mexico  |x Biography. 
650 0 |a Women photographers  |z Italy  |x Biography. 
650 0 |a Women communists  |z Mexico  |x Biography. 
650 0 |a Women communists  |z Italy  |x Biography. 
852 |a INST  |b SYROS  |e 20080408  |h 770.92 HOO  |p 005500006167  |q 005500006167  |t BK  |y 0 
901 |a BIBL5-2008-1 
922 |a 5ΕΛΗ  |b 200712  |c ΕΠΕΑΕΚ2/ΤΜΣΠΣ  |d Ελευθερουδάκης 
970 |a Καγιαβά  |b Ειρήνη  |z 08/04/2008